El Problema comarcal de Catalunya
Descripción Física:
143 p., 1 map. pleg. ; 23 cm
Colección:
Biblioteca d'estudis comarcals ; II
MARC
| LEADER | 00000nam a2200000Ia 4500 | ||
|---|---|---|---|
| 001 | 842 | ||
| 008 | 160829s1931 xx 000 0 cat d | ||
| 080 | |a M-3-56 | ||
| 245 | |a El Problema comarcal de Catalunya | ||
| 260 | |a Barcelona : |b Casa del Vallès, |c 1931 | ||
| 300 | |a 143 p., 1 map. pleg. ; |c 23 cm | ||
| 490 | |a Biblioteca d'estudis comarcals ; II | ||
| 590 | |a Exemplar numerat amb el núm. I. | ||
| 650 | |a Comarques |x Catalunya |9 29217 | ||
| 650 | |a Comarques |x Administració |x Catalunya |9 31593 | ||
| 651 | 0 | |a Catalunya |x Divisions administratives i polítiques |9 54246 | |
| 901 | |a Arxiu | ||
| 942 | |n 1 | ||
| 952 | |0 0 |1 0 |4 0 |6 M356 |7 1 |9 45686 |a Arxiu |b Arxiu |d 2016-12-01 |l 0 |o M-3-56 |p 842 |r 2016-12-01 00:00:00 |w 2016-12-01 |y ARXIU | ||
| 999 | |c 49186 |d 49186 | ||